| 000 | 00745nam a2200217Ii 4500 | ||
|---|---|---|---|
| 003 | JO-AjNU | ||
| 008 | 230605s9999||||xx |||||||||||||| ||und|| | ||
| 017 | _a2007/4/988 | ||
| 020 | _a978-9957-05-157-0 | ||
| 040 |
_aJO-AjNU _bara _erda _cJO-AjNU |
||
| 041 | _aara | ||
| 050 | 1 | 4 | _aPJ6723.S54 2007 |
| 100 | 3 |
_aأبو شهاب، حمدة عبد الله, _eauthor _924229 |
|
| 245 | 0 | 0 | _aمنهج تقرير مسائل النحو من سيبويه حتى إبن جني |
| 264 | 3 | 1 | _aعمان: دار الضياء للنشر والتوزيع، 2007 |
| 300 | _a300ص | ||
| 336 |
_atext _btxt _2rdacontent |
||
| 337 |
_aunmediated _bn _2rdamedia |
||
| 338 |
_avolume _bnc _2rdacarrier |
||
| 650 | 4 |
_aاللغة العربية - قواعد _924230 |
|
| 999 |
_aA8890 _c12458 _d12458 |
||